000 00602nam a2200241Ia 4500
003 OSt
005 20221005122541.0
006 a|||||r|||| 00| 0
007 ta
008 221004b |||||||| |||| 00| 0 tam d
024 _a49976
037 _cTextual
040 _aCRL
_cCRL
_btam
041 _2tam
_atam
082 _aO31,3N30,1, K8
100 _aParthasarathy Au.
_9229639
245 0 _aKala vellam
260 _c1968
650 _a TAMIL LITERATURE
650 _aTAMIL FICTION
942 _hO31,3N30,1, K8
_cTEXL
_2cc
999 _c1044626
_d1044626